Grosses Wörterbuch der Wirtschaftsinformatik /

Gespeichert in:
Bibliographische Detailangaben
1. Verfasser: Brendel, Hermann
Weitere Verfasser: Griessmann, Axel
Format: Buch
Sprache:Englisch
Deutsch
Veröffentlicht: Vaterstetten bei München : IWT, 1992
Ausgabe:3. überarb. Aufl.
ISBN:3883223840
Online-Zugang: Volltext
Tags: Tag hinzufügen
Keine Tags, Fügen Sie den ersten Tag hinzu!

MARC

LEADER 00000nam a2200000 4500
003 SK-BrCVT
005 20220617160404.0
008 930209s1992 gw e ||||||eng d
020 |a 3883223840 
035 |a CVTIDW0907110 
040 |b slo  |a CVTI SR 
041 0 |a eng  |a ger 
044 |a gw 
080 |a 33  |2 UDC-MRF 
100 1 |a Brendel, Hermann 
242 1 0 |a Veľký slovník hospodárskej informatiky 
245 1 0 |a Grosses Wörterbuch der Wirtschaftsinformatik /  |c Hermann Brendel, Axel Griessmann 
250 |a 3. überarb. Aufl. 
260 |a Vaterstetten bei München :  |b IWT,  |c 1992 
300 |a 454 s. 
500 |a Mit über 40.000 Begriffen aus der Praxis 
692 |a SM PR JM MM 
700 1 |a Griessmann, Axel 
910 |b A534553 
919 |a 3-88322-384-0 
974 |f Knihy 
992 |a ASL 
999 |c 57058  |d 57058